| 000 | 00419nam a2200157 4500 | ||
|---|---|---|---|
| 001 | 126029 | ||
| 003 | ES-MaACL | ||
| 005 | 20230906192736.0 | ||
| 007 | t| | ||
| 008 | 070214s1913 xxk r ||||1| eng d | ||
| 100 | 1 |
_aReid, Clement. _995972 |
|
| 245 | 1 | 0 |
_aSubmerged forests / _cby Clement Reid. |
| 260 |
_aCambridge : _bUniversity Press, _c1913. |
||
| 300 |
_a129 p., 1 lám. ; _c17 cm. |
||
| 852 |
_aES-MaACL _jD-3245 |
||
| 999 |
_c126029 _d126029 |
||